[Event "XIII Closed IM BCC 2021"]
[Site "Barcelona"]
[Date "2021.04.11"]
[Round "7.1"]
[White "Boyer, Mahel"]
[Black "Rodriguez Garcia, Yuliesky"]
[Result "1-0"]
[WhiteElo "2333"]
[BlackElo "2175"]
[Annotator "RC"]
[PlyCount "69"]
[EventDate "2021.04.05"]
[EventType "tourn"]
[EventCountry "ESP"]
[SourceTitle "playchess.com"]
[Source "ChessBase"]
[SourceQuality "1"]
[TimeControl "5400+30"]

1. d4 {[%emt 0:00:00]} d5 {[%emt 0:09:27]} 2. c4 {[%emt 0:00:02]} e5 {[%emt 0:02:21]} 3. cxd5 {[%emt 0:07:21]} Qxd5 {[%emt 0:00:21]} 4. e3 {[%emt 0:00:09]} Nc6 {[%emt 0:11:15]} 5. Nc3 {[%emt 0:00:15]} Bb4 {[%emt 0:00:12]} 6. a3 {[%emt 0:00:15]} Bxc3+ {[%emt 0:00:32]} 7. bxc3 {[%emt 0:00:05]} exd4 {[%emt 0:00:09]} 8. cxd4 {[%emt 0:00:12]} Nf6 {[%emt 0:00:34]} 9. Ne2 {[%emt 0:04:51]} Ne4 {[%emt 0:09:47]} 10. Nf4 {[%emt 0:01:36]} Qa5+ {[%emt 0:01:46]} 11. Bd2 {[%emt 0:00:05]} Qxd2+ {[%emt 0:00:12]} 12. Qxd2 {[%emt 0:00:03]} Nxd2 {[%emt 0:00:21]} 13. Kxd2 {[%emt 0:00:01]} Bd7 {[%emt 0:02:48]} 14. Rb1 {[%emt 0:06:06]} O-O-O {[%emt 0:06:00]} 15. Bc4 {[%emt 0:01:25]} g5 {[%emt 0:10:29]} 16. Nd3 {[%emt 0:01:32]} Bf5 {[%emt 0:00:51]} 17. Rb5 {[%emt 0:00:12]} Bxd3 {[%emt 0:01:45]} 18. Bxd3 {[%emt 0:00:43]} f6 {[%emt 0:07:40]} 19. h4 {[%emt 0:02:00]} Rdf8 {[%emt 0:04:19]} 20. Bf5+ {[%emt 0:01:28]} Kb8 {[%emt 0:00:37]} 21. Be4 {[%emt 0:00:05]} a6 {[%emt 0:03:51]} 22. Rb2 {[%emt 0:01:18]} Na5 {[%emt 0:00:14]} 23. Rc1 {[%emt 0:01:41]} c6 {[%emt 0:10:57]} 24. Rc5 {[%emt 0:10:33]} b5 {[%emt 0:00:14]} 25. Bxc6 {[%emt 0:00:04]} Rc8 {[%emt 0:00:44]} 26. Bxb5 {[%emt 0:00:07]} Rxc5 {[%emt 0:00:47]} 27. dxc5 {[%emt 0:00:18]} Ka7 {[%emt 0:02:38]} 28. Bd3 {[%emt 0:00:38]} Rc8 {[%emt 0:12:14]} 29. Rb6 {[%emt 0:00:51]} Rxc5 {[%emt 0:00:18]} 30. Rxa6+ {[%emt 0:00:04]} Kb7 {[%emt 0:00:10]} 31. Rxf6 {[%emt 0:00:06]} gxh4 {[%emt 0:00:40]} 32. Rf7+ {[%emt 0:00:12]} Kb6 {[%emt 0:00:50]} 33. Ke2 {[%emt 0:01:45]} Nb3 {[%emt 0:00:34]} 34. Be4 {[%emt 0:00:15]} Ka6 {[%emt 0:00:43]} 35. Rxh7 {[%emt 0:00:09]} 1-0

[Event "XIII Closed IM BCC 2021"]
[Site "Barcelona"]
[Date "2021.04.11"]
[Round "7.2"]
[White "Ruperez, Miguel"]
[Black "Benedetti, Julio"]
[Result "0-1"]
[WhiteElo "2121"]
[BlackElo "2282"]
[Annotator "TA"]
[PlyCount "56"]
[EventDate "2021.04.05"]
[EventType "tourn"]
[EventCountry "ESP"]
[SourceTitle "playchess.com"]
[Source "ChessBase"]
[SourceQuality "1"]

{[%evp 9,56,37,39,0,0,0,10,0,20,-20,-34,-131,-117,-126,-138,-139,-127,-118,-126,-155,-128,-141,-125,-153,-158,-169,-166,-186,-182,-187,-194,-202,-185,-191,-212,-270,-264,-262,-233,-472,-469,-502,-502,-522,-522,-2000,-506,-29998,-29999]} 1. d4 d5 2. c4 dxc4 3. e3 e5 4. Bxc4 exd4 5. exd4 Bd6 6. Qb3 {D20: Queen's Gambit Accepted: 3 e3 and 3 e4.} (6. Nf3 {is interesting.} Nf6 7. Qe2+ Be7 8. O-O O-O 9. Nc3) 6... Qe7+ 7. Be3 {[#]} Nd7 $146 ({Predecessor:} 7... Nf6 8. Nf3 O-O 9. O-O c6 10. Re1 Qc7 11. Nbd2 Bg4 12. h3 Bh5 13. Rac1 Nbd7 {0-1 (47) Vagovic,M (1640)-Hajas,L (1846) Namestovo 2017}) 8. Nc3 {The position is equal.} Nb6 9. Bd3 Nf6 10. d5 (10. Nf3 $15) 10... Ng4 $17 11. O-O-O Nxe3 12. fxe3 Qxe3+ 13. Kb1 Bd7 14. Nb5 O-O-O 15. Nxd6+ cxd6 16. Qa3 {[#]} Kb8 $1 ({Don't do} 16... Nxd5 17. Nf3 $17) 17. Qxd6+ Ka8 18. Qa3 Ba4 19. b3 Nxd5 {[%cal Bb6d5,Bd5f4,Bf4d3][%mdl 32] Hoping for ...Nc3+.} 20. bxa4 {next Nf3 is good for White.} Nf4 {[%cal Rd8d3][%mdl 64] Double Attack} 21. Nf3 Nxd3 ({Much less strong is} 21... Rxd3 22. Rxd3 Nxd3 23. Qc3 $17) 22. Qb3 Rd6 {...Rb6 is the strong threat.} 23. a5 Rhd8 24. Ka1 $2 (24. Ne1) 24... Qf4 $19 25. Qc3 {If White can now play a6 this consolidates a bit.} a6 26. Rd2 {[#]} Rc6 $1 27. Qxg7 (27. Rxd3 Rxc3) 27... Qb4 (27... Qc7 $142 {( -> ...Rc1+)} 28. a4 Rg6 29. Qxg6 hxg6) 28. Rb1 {[#]} (28. Rxd3 $19 Rxd3 29. Rb1 Qxa5 30. Qb2) 28... Qxb1+ $1 {[%mdl 576] Remove Defender, Back Rank. White got outplayed after the opening.  Weighted Error Value: White=0.97/Black=0.34} 0-1

[Event "XIII Closed IM BCC 2021"]
[Site "Barcelona"]
[Date "2021.04.11"]
[Round "7.3"]
[White "Martin Gonzalez, Angel"]
[Black "Martinez Fernandez, Adrian"]
[Result "0-1"]
[WhiteElo "2291"]
[BlackElo "2369"]
[Annotator "TA"]
[PlyCount "78"]
[EventDate "2021.04.05"]
[EventType "tourn"]
[EventCountry "ESP"]
[SourceTitle "playchess.com"]
[Source "ChessBase"]
[SourceQuality "1"]

{[%evp 12,78,29,11,11,8,12,0,37,3,14,4,-12,-20,-10,0,0,-20,-24,-16,-17,-191,-161,-257,-241,-232,-204,-283,-291,-372,-359,-414,-441,-433,-415,-517,-517,-502,-506,-558,-541,-507,-527,-531,-478,-580,-549,-549,-542,-583,-545,-534,-452,-443,-434,-405,-403,-829,-823,-782,-739,-955,-1009,-1255,-1173,-3124,-2516,-6849,-4866]} 1. e4 c5 2. Nf3 d6 3. d4 cxd4 4. Nxd4 Nf6 5. Nc3 a6 6. Bg5 Nbd7 7. Bc4 Qb6 {The main line 7...Qb6 scores better than 7...Qa5. B94: Sicilian Najdorf: 6 Bg5 Nbd7.} 8. Bb3 e6 9. Qd2 Nc5 {The position is equal.} 10. f3 (10. Bxf6 $5 gxf6 11. O-O $11) 10... Be7 11. O-O-O Qc7 12. Kb1 Rb8 13. g4 b5 14. a3 Bd7 15. Rhe1 O-O 16. h4 $2 {[#] This costs White the game.} (16. f4 $11 h6 17. Bxf6 Bxf6 18. g5 hxg5 19. fxg5) 16... a5 $1 $19 17. Bxf6 (17. Na2 $142) 17... Bxf6 18. g5 {[#]} Be7 $146 ({Predecessor:} 18... Bxd4 19. Qxd4 b4 20. axb4 axb4 21. Ne2 Rfc8 22. Qxd6 Qa7 23. Nc1 Rc6 24. Qe7 Ra8 {0-1 (43) Ruiz Castillo,J (2371)-Li,R (2483) Dallas 2016}) 19. Nd5 exd5 20. Bxd5 b4 {[%cal Bb5b4,Bb4a3][%mdl 32]} 21. f4 bxa3 22. b3 Na4 23. Re3 Rfc8 24. Ka1 Nc3 25. Rg1 Nxd5 26. exd5 Bf8 27. f5 a4 28. h5 axb3 29. cxb3 Qc5 30. h6 Rb4 31. Rd1 {[#]} Qxd4+ $1 32. Qxd4 Rxd4 33. Rxd4 {If only White now had time for hxg7....} Bxf5 34. Rc4 (34. Rf4 $142 Bg6 35. hxg7 Bxg7+ 36. Ka2) 34... Rxc4 {Black is clearly winning.} 35. bxc4 gxh6 36. gxh6 Bxh6 37. Re8+ Kg7 38. c5 dxc5 39. d6 Be6 {Weighted Error Value: White=0.46/Black=0.05} 0-1

[Event "XIII Closed IM BCC 2021"]
[Site "Barcelona"]
[Date "2021.04.11"]
[Round "7.4"]
[White "Asis Gargatagli, Hipolito"]
[Black "Martin Barcelo, Carles"]
[Result "1/2-1/2"]
[WhiteElo "2454"]
[BlackElo "2201"]
[Annotator "TA"]
[PlyCount "77"]
[EventDate "2021.04.05"]
[EventType "tourn"]
[EventCountry "ESP"]
[SourceTitle "playchess.com"]
[Source "ChessBase"]
[SourceQuality "1"]

{[%evp 12,77,0,0,6,-87,-76,-75,-32,-39,-28,-34,-50,-32,-32,-162,-139,-229,-233,-370,-375,-319,-128,-120,-116,-112,-125,-119,-109,-164,-173,-125,-147,-206,-114,-115,-128,-130,-122,-256,-246,-411,-402,-429,-412,-521,-132,-135,-102,-146,-88,-119,-16,-42,-34,-29,-30,-52,-8,-8,-8,-5,-5,-12,-8,-8,-8,-14]} 1. e4 e6 2. d4 d5 3. Nc3 Nf6 4. e5 Nfd7 5. Nce2 c5 6. c3 Nc6 7. Nf3 {is now debated instead of 7.f4.} a5 {C11: French: Classical System: 4 e5 and 4 Bg5 dxe4.} 8. Nf4 (8. h4 $11) 8... cxd4 $17 9. cxd4 Bb4+ {Black is better.} 10. Bd2 g5 11. Ne2 g4 12. Nfg1 f6 13. Bxb4 (13. h3 $1 $15) 13... axb4 $19 {[%cal Ba5b4,Bb4b3][%mdl 32]} 14. Nf4 (14. h3 $17) 14... b3 $1 {[#]} ({Much less strong is} 14... fxe5 15. Nxe6 Qa5 16. b3 $17) 15. Nxe6 $146 (15. axb3 $142 Rxa1 16. Qxa1) ({Predecessor:} 15. Qxg4 Nxd4 16. Nxe6 Qa5+ 17. Kd1 Nc2 18. Nf3 Nxe5 19. Qg7 Bxe6 20. Qxf6 Nxf3 21. Qxe6+ Kd8 22. gxf3 Kc7 23. Rg1 Rae8 24. Rg7+ Kb8 25. Re7 Qd8 26. Qe5+ Ka8 {0-1 (26) Narayanan,S (2572)-Gavrilescu,D (2479) Moscow 2019}) 15... Qa5+ {[%mdl 64] Double Attack} 16. Qd2 Nb4 ({Less strong is} 16... bxa2 17. Ne2 $19) (16... fxe5 $19 {and Black stays clearly on top.} 17. Bd3 Ke7 18. Qxa5 Rxa5) 17. Nc7+ $17 Qxc7 18. Qxb4 Rxa2 19. Rd1 fxe5 20. Ne2 (20. Bb5 $17) 20... Rxb2 $40 {[%mdl 128] Strongly threatening ...Qc4. Black is out for blood.} 21. Nc3 {[#]} exd4 $1 22. Qxd4 {[#]} (22. Rxd4 $17 {was worth a try.} Rf8 23. Be2) 22... Qe5+ (22... O-O $1 $19 23. Qxg4+ Kh8 24. Qd4+ Qe5+ 25. Qxe5+ Nxe5) 23. Qxe5+ $17 Nxe5 24. Rxd5 Nc6 {White must now prevent ...Rc2.} 25. Nd1 (25. Bd3 $17) 25... Ra2 $19 26. Bd3 $2 (26. Bc4 Be6 27. Bxb3) 26... Nb4 27. Re5+ Kf7 28. Be4 Re8 $2 (28... Kf6 $19 {has better winning chances.} 29. Rc5 b6) 29. Rxe8 $17 Kxe8 30. O-O Ra1 ({Black should play} 30... h6 31. Nc3 Ra5) 31. Nb2 Rxf1+ ({Black should try} 31... Ra7 $17 32. Bxh7 Be6) 32. Kxf1 {[%mdl 4096] Endgame KBN-KBN} h6 33. Ke2 Ke7 34. Kd2 Na2 35. Bd5 {The position is equal.} Be6 36. Bxb7 Kd6 37. Be4 Ke5 38. Ke3 Nb4 39. f4+ {Whites escaped into a draw.  Weighted Error Value: White=0.42/Black=0.43} 1/2-1/2

[Event "XIII Closed IM BCC 2021"]
[Site "Barcelona"]
[Date "2021.04.11"]
[Round "7.5"]
[White "Droin, Augustin"]
[Black "Munoz, Miguel"]
[Result "1/2-1/2"]
[WhiteElo "2292"]
[BlackElo "2462"]
[Annotator "TA"]
[PlyCount "113"]
[EventDate "2021.04.05"]
[EventType "tourn"]
[EventCountry "ESP"]
[SourceTitle "playchess.com"]
[Source "ChessBase"]
[SourceQuality "1"]

{[%evp 9,113,8,24,9,19,27,22,0,22,0,0,0,4,-22,30,35,32,36,36,25,39,37,12,10,69,71,80,65,63,66,91,25,37,29,20,0,0,0,0,0,0,-109,-119,-110,-122,-122,-121,-84,-90,-116,-102,-110,-102,-106,-112,-132,-143,-169,-169,-177,-169,-191,-32,-118,-118,-128,-153,-158,-100,-104,-5,-5,0,-5,-5,-5,-2,-2,-2,-2,-2,-2,-2,-2,-2,-2,-2,-5,-5,-5,-5,-5,0,0,0,0,0,0,0,0,0,0,0,0,0,0]} 1. Nf3 Nf6 2. e3 g6 3. b4 Bg7 4. Bb2 a5 5. b5 c5 {[#]} 6. bxc6 $146 {A05: Réti Opening: 1 Nf3 Nf6.} ({Predecessor:} 6. c4 O-O 7. d4 d6 8. Nc3 Nbd7 9. Be2 Nb6 10. Rc1 cxd4 11. Nxd4 e5 12. Nf3 {0-1 (38) Dimakiling,O (2373)-Laylo,D (2500) Quezon City 2014}) 6... Nxc6 7. d4 d5 8. c4 Bg4 9. Nc3 O-O 10. Be2 dxc4 11. Bxc4 Ne8 (11... e5 $142) 12. Be2 $11 Nd6 13. Rc1 Bxf3 14. Bxf3 e5 {[%cal Re5d4]} 15. Bxc6 bxc6 16. Na4 Qg5 (16... Ne4 $11) 17. O-O $14 exd4 18. Bxd4 Bxd4 19. Qxd4 Qb5 20. Rc5 ({Much worse is} 20. Qxd6 Qxa4 21. Qd2 (21. Rxc6 Qxa2 22. Rc3 a4 $15) 21... Rfd8 $11) ({Better is} 20. Nc5 $16 Rfd8 21. Rfd1) 20... Qb4 $11 21. Rxc6 Rfd8 22. Nb6 Qxd4 23. exd4 Rab8 24. d5 Nf5 {Hoping for ...Nd4.} 25. Rd1 {[#]} (25. Nc4 $11 {remains equal.}) 25... Ne7 $1 $17 {[%cal Re7c6]} 26. Rc7 Rxb6 27. Rxe7 {[#]} Rxd5 $1 {[%mdl 512]} 28. Ree1 Rxd1 29. Rxd1 {[%mdl 4096] Endgame KR-KR} Rb2 30. Ra1 a4 31. a3 h5 32. g3 Kg7 33. Kg2 Kf6 34. h4 Kf5 35. Kf3 f6 $2 (35... Rb3+ $19 36. Kg2 Rd3) 36. Kg2 (36. Re1 $1 $15) 36... Rb3 37. Ra2 Ke5 38. f3 Kd4 (38... f5 $142 39. Kf2 Kd4 40. Rd2+ Kc5 41. Rc2+ Kb5) 39. g4 hxg4 ({Black should try} 39... Kc4 $17 {Black wants to play ...f5.} 40. Kg3 Rc3) 40. fxg4 $11 {The position is equal.} Ke4 41. h5 gxh5 42. gxh5 Rb5 43. h6 Rh5 44. Rb2 Rxh6 {With the idea ...f5.} 45. Rb4+ Ke3 46. Rxa4 f5 47. Rb4 Rg6+ 48. Kf1 f4 49. Rb3+ Ke4 50. a4 Ra6 51. Ra3 Ra5 52. Kf2 Kd5 53. Kf3 Kc4 54. Kxf4 Kb4 55. Ra1 Rxa4 56. Rxa4+ Kxa4 57. Ke4 {Whites escaped into a draw.  Weighted Error Value: White=0.13/Black=0.16} 1/2-1/2

[Event "XIII Closed IM BCC 2021"]
[Site "Barcelona"]
[Date "2021.04.12"]
[Round "8.1"]
[White "Rodriguez Garcia, Yuliesky"]
[Black "Munoz, Miguel"]
[Result "0-1"]
[WhiteElo "2175"]
[BlackElo "2462"]
[Annotator "TA"]
[PlyCount "48"]
[EventDate "2021.04.05"]
[EventType "tourn"]
[EventCountry "ESP"]
[SourceTitle "playchess.com"]
[Source "ChessBase"]
[SourceQuality "1"]

{[%evp 11,48,-8,0,-2,-2,-10,0,-24,0,0,0,0,-1,-70,-78,-73,-72,-193,-197,-206,-201,-220,-160,-152,-124,-160,-161,-167,-167,-216,-232,-1008,-1009,-960,-950,-960,-948,-1139,-1107]} 1. e3 g6 2. d4 Bg7 3. Nf3 Nf6 4. Bd3 c5 5. O-O O-O 6. Nbd2 d6 7. h3 {A48: 1 d4 Nf6 2 Nf3 g6: Torre, London and Colle Systems.} Nc6 8. c3 e5 9. dxe5 {The position is equal.} dxe5 {[#]} 10. Qe2 $146 ({Predecessor:} 10. Qc2 Re8 11. e4 a6 12. Nb3 b6 13. a4 Be6 14. Rd1 Qe7 15. Nbd2 Na5 16. Ng5 {½-½ (37) Llasera Brufau,J (2010)-De Lucia,G (2000) Barcelona 1995}) 10... Qe7 {Hoping for ...e4.} 11. e4 Nh5 12. Nc4 (12. Nb3 $11) 12... b5 $15 13. Na3 a6 14. g4 {[#]} (14. Nb1 $17) 14... Nf4 $1 $19 {[%cal Rf4e2]} 15. Bxf4 exf4 16. e5 Nxe5 17. Rfe1 {[%cal Rf3e5]} f6 18. Nxe5 fxe5 ({Don't play} 18... Qxe5 19. Qf3 $15) 19. Be4 Rb8 20. c4 Qh4 21. Kg2 $2 (21. Qf3) 21... f3+ {Black is clearly winning.} 22. Bxf3 {[#]} Rxf3 $1 {[%mdl 576] Remove Defender} 23. Qxf3 Bb7 24. Re4 Rf8 {Weighted Error Value: White=0.72/Black=0.06} 0-1

[Event "XIII Closed IM BCC 2021"]
[Site "Barcelona"]
[Date "2021.04.12"]
[Round "8.2"]
[White "Martin Barcelo, Carles"]
[Black "Droin, Augustin"]
[Result "0-1"]
[WhiteElo "2201"]
[BlackElo "2292"]
[Annotator "TA"]
[PlyCount "182"]
[EventDate "2021.04.05"]
[EventType "tourn"]
[EventCountry "ESP"]
[SourceTitle "playchess.com"]
[Source "ChessBase"]
[SourceQuality "1"]

{[%evp 9,182,17,18,4,30,0,0,0,30,54,59,62,82,75,90,25,31,18,19,17,20,18,35,4,5,4,3,9,25,0,24,24,27,16,14,4,25,8,25,28,31,31,67,21,12,0,21,0,0,0,0,0,0,0,0,0,0,0,0,0,0,0,0,0,0,0,0,0,0,0,0,0,0,0,0,-15,-15,-15,0,0,0,0,0,-15,-15,-15,-16,-22,-16,-14,-17,-22,-22,-35,-35,-35,-35,-35,-35,-35,-15,-39,-15,-39,-19,-72,-72,-72,-44,-79,-76,-79,-80,-80,-80,-80,-80,-82,-72,-83,-67,-90,-60,-72,-60,-123,-72,-113,-113,-113,-113,-113,-82,-82,-82,-82,-51,-82,-8,-8,0,0,0,0,0,0,0,-75,-75,-75,-75,-75,-75,-75,-75,-75,-75,-75,-75,-75,-75,-75,-75,-149,-149,-29981,-29982,-29981,-29982,-29982,-29983,-29982,-29981,-29980,-29972]} 1. e4 c5 2. Nf3 d6 3. Bb5+ Nd7 4. d4 Ngf6 5. O-O cxd4 6. Qxd4 {B51: Sicilian: Moscow Variation (3 Bb5+) without 3...Bd7.} a6 7. Be2 e5 {7...g6 gains popularity.} 8. Qe3 {The position is equal.} b5 9. c4 b4 10. a3 {[#]} bxa3 $146 ({Predecessor:} 10... Bb7 11. axb4 Nxe4 12. Nc3 Nxc3 13. Qxc3 Be7 14. b3 O-O 15. Bb2 Bf6 16. Qc2 a5 17. bxa5 Rxa5 {0-1 (35) Warchol,B (1881)-Teclaf,P (2350) Drzonkow 2017}) 11. b4 ({Don't play} 11. Nxa3 Bb7 $11) (11. bxa3 $6 Nc5 $11) 11... a5 12. bxa5 ({Of course not} 12. Qxa3 $6 Nxe4 13. Nbd2 Bb7 $11) ({White should try} 12. b5 $1 $16) 12... Rxa5 13. Bxa3 Nc5 14. Nfd2 Be7 15. Nc3 Be6 16. Nb5 Nfd7 17. Bb4 Rxa1 18. Rxa1 {And now Ra8! would win.} O-O 19. Nb3 Qb8 {Hoping for ...Nxb3.} 20. Nxc5 Nxc5 21. Bxc5 dxc5 22. Ra7 Bd8 23. h3 ({Don't go for} 23. Qxc5 $2 Bb6 $19) 23... Bb6 24. Ra1 Bd7 25. Rb1 Bxb5 26. Rxb5 {Strongly threatening Qb3.} Qd6 27. Qb3 Rb8 28. Qd3 Qxd3 29. Bxd3 $11 {[%mdl 4096] Endgame KRB-KRB} Kf8 30. Kf1 Ke7 31. Ke2 Kd6 32. Rb1 Kc6 33. Ra1 Rd8 34. Ra2 Kb7 35. Ra1 Rd6 36. Ra3 Rg6 37. Kf3 Bc7 38. Bc2 Rd6 39. Ke3 Rd4 40. Bd3 Bd8 41. f3 Rd6 42. Ra2 Bg5+ 43. Ke2 Rb6 44. Bc2 Bc1 45. Ra1 Bb2 46. Rb1 Rb4 47. Kd3 Kb6 48. Bd1 h6 49. Bc2 Kc7 50. Bd1 Kd6 51. Kc2 Bd4 52. Rxb4 cxb4 $15 {KB-KB} 53. Kd3 h5 54. Bb3 Bc5 55. Ba4 Ke7 56. Ke2 Kf6 57. Bb3 (57. h4 $11 {keeps the balance.}) 57... Kg5 $17 58. Ba4 Kf4 59. Bd1 g6 60. Ba4 Kg3 61. Kf1 f6 62. Bb3 f5 63. Bc2 Kf4 64. Ke2 Bb6 65. Bb1 b3 66. Bd3 b2 67. Bc2 (67. Kd2 $15) 67... fxe4 (67... Kg3 $142 $1 {aiming for ...fxe4.} 68. exf5 gxf5) 68. fxe4 g5 69. Bb1 g4 70. hxg4 hxg4 (70... Kxg4 {seems wilder.} 71. Kf1 Kf4 72. Ke2 Bd4 73. Bd3 Kg3) 71. Bc2 Bd4 72. Bb1 Kg5 73. Bd3 Kf6 (73... Kh4 $17 74. Ke1 Ba7) 74. Kd1 Ke7 75. Kc2 Kd6 76. Be2 g3 77. Bg4 Kc5 78. Be2 (78. Be6 $11 {remains equal.}) 78... Kb4 79. Bd3 Ka3 $1 {[%cal Ra3a2] ...Ka2 is the strong threat.} 80. Kb1 {[#]} Kb3 $1 81. Be2 Kc3 82. Bg4 Kxc4 83. Kc2 Bc3 84. Be6+ Kc5 85. Bf7 Kd4 86. Ba2 {[#]} (86. Bg6 $142) 86... Ke3 $1 87. Kxc3 $2 {[%mdl 8192] Now White is beyond hope.} (87. Be6 $17) 87... Kf2 {Black mates.} 88. Kxb2 Kxg2 89. Be6 Kh2 90. Kc3 g2 91. Kc4 g1=Q {Weighted Error Value: White=0.10/Black=0.06} 0-1

[Event "XIII Closed IM BCC 2021"]
[Site "Barcelona"]
[Date "2021.04.12"]
[Round "8.3"]
[White "Martinez Fernandez, Adrian"]
[Black "Asis Gargatagli, Hipolito"]
[Result "1/2-1/2"]
[WhiteElo "2369"]
[BlackElo "2454"]
[Annotator "TA"]
[PlyCount "59"]
[EventDate "2021.04.05"]
[EventType "tourn"]
[EventCountry "ESP"]
[SourceTitle "playchess.com"]
[Source "ChessBase"]
[SourceQuality "1"]

{[%evp 17,59,1,0,12,8,0,4,0,0,-70,-66,-78,-70,-68,-53,-44,-57,-44,-40,-57,-29,-57,-31,-33,-47,-35,-43,-49,-22,-27,-31,-18,-20,-20,-25,-44,-39,-29,0,0,0,-7,-8,-15]} 1. e4 e5 2. Nf3 Nc6 3. Nc3 Nf6 4. d4 exd4 5. Nxd4 Bb4 6. Nxc6 bxc6 7. Bd3 O-O 8. O-O d5 9. exd5 cxd5 10. Qf3 {C47: Scotch Four Knights and Four Knights with 4 g3.} Rb8 {[%cal Ba8b8,Bb8b6,Bb6b4][%mdl 32]} 11. h3 Rb6 $1 {[%mdl 4] [#] is more profitable than 11...c6 at the moment.} 12. Rd1 $146 ({Predecessor:} 12. Na4 Re6 13. Bg5 h6 14. Bh4 g5 15. Bg3 Ne4 16. Rad1 Nd2 17. Rxd2 Bxd2 18. Nc5 {0-1 (44) Nepomniachtchi,I (2757)-Grischuk,A (2766) chess.com INT 2018}) 12... Bb7 13. Qf4 (13. a3 $11 Bxc3 14. bxc3) 13... Bd6 $15 14. Qh4 Rb4 15. f4 Bc5+ 16. Kh2 {next a3 is good for White.} Bc8 {[#] aiming for ...Ng4+!} 17. Qg3 ({Avoid the trap} 17. Nxd5 $2 {[#]} Ng4+ $1 {[%mdl 512]} 18. Qxg4 Bxg4 $19) 17... c6 18. a3 Rb7 19. Qf3 Re8 20. b4 Bd6 21. b5 Bd7 22. Bd2 cxb5 23. Nxd5 Bc6 24. Ne7+ Rbxe7 25. Qxc6 Ne4 26. Bxe4 Rxe4 27. Qxb5 Rd4 {Hoping for ...Rxd2!} 28. Re1 {The position is equal.} Rf8 ({Don't go for} 28... Bxf4+ $2 29. Bxf4 Rf8 30. Bg3 $18) 29. Be3 Bxf4+ 30. Bxf4 {Weighted Error Value: White=0.09/Black=0.06} 1/2-1/2

[Event "XIII Closed IM BCC 2021"]
[Site "Barcelona"]
[Date "2021.04.12"]
[Round "8.4"]
[White "Benedetti, Julio"]
[Black "Martin Gonzalez, Angel"]
[Result "1-0"]
[WhiteElo "2282"]
[BlackElo "2291"]
[Annotator "TA"]
[PlyCount "119"]
[EventDate "2021.04.05"]
[EventType "tourn"]
[EventCountry "ESP"]
[SourceTitle "playchess.com"]
[Source "ChessBase"]
[SourceQuality "1"]

{[%evp 23,119,-8,12,-8,0,-33,-15,-17,-15,-26,-10,-49,-47,-88,-94,-145,-47,-54,-42,-39,2,-75,-77,-76,0,-197,-62,-204,-193,-195,-203,-192,-196,-197,-190,-183,-129,-154,-152,-148,-152,-158,-28,-24,-13,-10,0,0,0,0,0,-28,-25,-45,-43,-123,-31,-72,0,-119,-14,-16,-22,-251,-223,-246,-209,-371,-264,-268,-258,-324,-220,-257,-266,-285,-276,-590,-569,-677,-193,-164,-31,-29,0,0,0,0,0,0,145,132,343,333,29984,29985,29998,29999]} 1. e4 c5 2. Nc3 Nc6 3. f4 g6 4. Nf3 Bg7 5. Bc4 e6 6. O-O Nge7 7. d3 d5 8. Bb3 O-O 9. Qe1 Nd4 10. Nxd4 cxd4 11. Ne2 dxe4 12. dxe4 b6 13. Bd2 {B23: Closed Sicilian: Lines without g3.} Ba6 14. Rf3 Bb7 15. Ng3 {[#] The position is equal.} Qd7 $146 ({Predecessor:} 15... a5 16. Bc4 Ba6 17. Bxa6 Rxa6 18. Qe2 Ra7 19. Raf1 f5 20. exf5 exf5 21. Qe6+ Kh8 {0-1 (32) Zemkus,A (1605)-Schneider,H (2014) Berlin 2000}) 16. Rd1 Rfd8 17. Kh1 Rac8 $36 {[%mdl 2048] Black has the initiative.} 18. Bc1 a5 19. Qe2 (19. c3 $142) 19... Qc6 (19... h5 $17 20. c3 Qe8) 20. a4 $15 Qc5 21. Rf2 Re8 22. h4 (22. Qd3 $11) 22... Nc6 23. e5 Qe7 (23... d3 $17 24. Rxd3 Ba6) 24. Ne4 $2 (24. Qg4 $11) 24... Qxh4+ 25. Kg1 Nxe5 $1 {[%mdl 64] Pin} 26. g3 Qg4 {...Bxe4 is the strong threat.} ({Inferior is} 26... Qh3 27. fxe5 Bxe4 28. Qxe4 $11) 27. fxe5 Qxe4 28. Qxe4 Bxe4 29. Rxd4 Bf5 (29... Bd5 $19 30. Bf4 Bxb3 31. cxb3 Bf8) 30. g4 Bxe5 31. Rd7 Bxg4 32. Rfxf7 Rcd8 (32... Rf8 $17 33. Rxf8+ Rxf8) 33. Rxh7 $11 Bd4+ 34. Kg2 Rxd7 (34... Bf5 {looks sharper.} 35. c3 Bf6 36. Be3 g5 37. Rxd8 Rxd8 38. Ra7 g4) 35. Rxd7 Bc5 36. Kg3 Bf5 37. c3 Re7 38. Rd8+ Kf7 39. Bh6 (39. Bg5 $15) 39... Rc7 (39... Rb7 $1 $17 40. Bg5 Be7 41. Bxe7 Kxe7) 40. Bf4 Re7 41. Bh6 {[%csl Gh6][%cal Rd8f8]} Kf6 ({Black should play} 41... Rb7 $1 $17 {Hoping for ...Be7.} 42. Bg5 Be7 43. Bxe7 Kxe7) 42. Rf8+ Ke5 {Strongly threatening ...g5!} 43. Rd8 $2 (43. Bg5 $11 {and White has nothing to worry.}) 43... Rh7 $19 44. Bf4+ Kf6 45. Rg8 $2 (45. Bd6 {was the only defense.}) 45... Rd7 46. Bc4 Rd1 {aiming for ...Rg1+.} 47. Kf3 Rh1 {White must now prevent ...Rh3+.} 48. Bc7 Rb1 49. b3 Rc1 50. Kf4 $2 (50. Ke2 {is tougher.}) 50... Kf7 51. Rb8 {intending Rb7.} Rxc3 $2 (51... g5+ 52. Kg3 Rxc3+ 53. Kh2 g4) 52. Rb7 {And now Be5+ would win.} g5+ (52... Be3+ $19 53. Kf3 Ke8 54. Bb5+ Kf8) 53. Kxg5 $15 {Threatens to win with Be5+.} Be3+ 54. Bf4+ Ke8 55. Bxe3 Rxe3 56. Kf6 Rf3 {[#]} (56... Bg4 $11 {remains equal.}) 57. Ke5 $1 $16 Kd8 $2 {[#]} (57... Re3+ $16 {was worth a try.} 58. Kd6 Bc2) 58. Kd6 $1 $18 {[%cal Rb7b8]} Kc8 (58... Ke8 $18 59. Rxb6 Rf2) 59. Rxb6 Bd3 60. Bxe6+ {Both players deserved the win here.  Weighted Error Value: White=0.41/Black=0.65} 1-0